Conspiracy Theory with Jesse Ventura Quiz Stats

 Plays Quiz not verified by Sporcle

Challenge
Share
Tweet
Embed
Score 0/22 Timer 04:00
0 Plays Today
Episode Subject % Correct
1029/11
82.1%
205JFK Assasination
69.6%
208Pentagon
60.7%
202Area 51
53.6%
101HAARP
35.7%
301Reptilian
33.9%
206Great Lakes/Worldwide Water Conspiracy
28.6%
303Time Travel
26.8%
103Global Warming
25%
203Wall Street
21.4%
104Big Brother
21.4%
Episode Subject % Correct
105Secret Societies
21.4%
201Plum Island
21.4%
306Manimal
21.4%
307Brain Invaders
21.4%
107Apocalypse 2012
19.6%
204Police State
19.6%
207Gulf Oil Spill
19.6%
106Manchurian Candidate
17.9%
304Ozarks
16.1%
302Death Ray
14.3%
305Skinwalker
10.7%

You're not logged in!

Compare scores with friends on all Sporcle quizzes.
Join for Free
OR
Log In

You Might Also Like...

Show Comments

Extras

Top Quizzes Today


Score Distribution

Your Account Isn't Verified!

In order to create a playlist on Sporcle, you need to verify the email address you used during registration. Go to your Sporcle Settings to finish the process.

Report this User

Report this user for behavior that violates our Community Guidelines.

Details: